000 00673nam a2200217 a 4500
001 15640
003 CO-ViMGA
008 141112s2004 ck r 000 u spa d
020 _a9586166333
040 _aCO-ViMGA
_bspa
_cCO-ViMGA
082 0 4 _a323.4 P373u
100 1 _aPerez Luño, Antonio - Enrique
_922585
245 1 0 _aLa Universalidad de los derechos humanos y el Estado constitucional
260 _aBogotá,
_cUniversidad Externado de Colombia,
_c2002
300 _a115.p.
490 _aTeoría jurídica y filosofía del derecho
650 1 4 _aDERECHO CONSTITUCIONAL
650 1 4 _aDERECHOS DE ESTADO
_922586
650 1 4 _aDERECHOS HUMANOS
_955
942 _2ddc
_cBK
999 _c25818
_d25818